Normal view
MARC view
- Electronics analog and digital
Entry Topical Term
001 - CONTROL NUMBER
- control field: 125008
003 - CONTROL NUMBER IDENTIFIER
- control field: NUST
005 - DATE AND TIME OF LATEST TRANSACTION
- control field: 20240805143739.0
008 - FIXED-LENGTH DATA ELEMENTS
- fixed length control field: 240805|| aca||aabn | a|a d
040 ## - CATALOGING SOURCE
- Original cataloging agency: NUST
- Transcribing agency: NUST
150 ## - HEADING--TOPICAL TERM
- Topical term or geographic name entry element: Electronics analog and digital
670 ## - SOURCE DATA FOUND
- Source citation: Work cat.: (NUST): I.J. Nagrath 93871, Electronics analog and digital , 2013.
